000 00372 a2200169 4500
001 53415
020 _a
040 _cAnchieta - Pituba
100 _aRaul Rodrigues
240 1 0 _a2ª Geografia, I unidade
_lpor
245 1 0 _a2ª Geografia, I unidade
300 _a12
362 0 _a2016
440 1 _aColégio Anchieta
650 4 _aGeografia e viagens
942 _cBK
999 _c53415
_d53415